Movies Quiz

Random Movies Quiz
Score 0/16 Timer 05:00
0 Plays Today
% Correct
Beetlejuice
73.9%
Mystic Pizza
72.2%
The Stepford Wives
58.7%
Bringing Up Baby
56.1%
Revolutionary Road
55.7%
The Conjuring
26.5%
Holiday Inn
23.9%
The Skulls
23.5%
% Correct
The Haunting in Connecticut
22.6%
Wanda
20%
The Swimmer
18.7%
Gentleman's Agreement
17.8%
The Ice Storm
12.3%
Far from Heaven
10.7%
Series 7: The Contenders
3.5%
All that Heaven Allows
0%
Remove Ads.
Support Sporcle.
Get the best of Sporcle when you Go Orange. This ad-free experience offers more features, more stats, and more fun while also helping to support Sporcle. Thank you for becoming a member.

You're not logged in!

Compare scores with friends on all Sporcle quizzes.
OR
Log In

Show Comments

Extras

Created Aug 7, 2016ReportNominate
Tags:connecticut, Slideshow

Top Quizzes Today


Score Distribution

Your Account Isn't Verified!

In order to create a playlist on Sporcle, you need to verify the email address you used during registration. Go to your Sporcle Settings to finish the process.

Report this User

Report this user for behavior that violates our Community Guidelines.

Details: